000 00285nam a22001337a 4500
008 170505b xxu||||| |||| 00| 0 eng d
020 _a9780028635972
041 _aeng
080 _a342
100 _a15
101 _aSHJ
245 _aWILLS AND ESTATES
_cMAPLE, S
942 _2udc
_cBK
999 _c12733
_d12733